01094nam a2200289Ia 450000500170000000800410001702000180005804100080007608200180008424501200010225000180022230000250024049000370026550000470030250000450034950400270039465000430042165000600046465000410052470000320056570000350059726400490063233600270068133700330070833800280074104000350076920220317001802.0170328s2015 c g 000 0 s  a9789583802348 aspa14a330.9861bH3700aHistoria económica de Colombiaccompilador José Antonio Ocampo Gaviria ; Germán Colmenares... [y otros nueve] a4a. edición a401 páginasc23 cm aSección de obras de economía aIncluye datos biográficos de los autores aIncluye índice de cuadros y gráficos aIncluye bibliografía142LEMBaDesarrollo económicozColombia142LEMBaEconomíaxEnsayos, conferencias, etc.zColombia142LEMBaEconomíaxHistoriazColombia1 aColmenares, Germánd1938-1 aOcampo Gaviria, José Antonio aBogotábFondo de Cultura Económicac2015 atextobtxt2rdacontent asin mediaciónbn2rdamedia avolumenbnc2rdacarrier aCO-BoRNBPbspaerdacCO-BoRNBP